Представление документа в формате RUSMARC

ПолеНазваниеЗначение
  Тип записи a
  Библиографический уровень m
001 Контрольный номер RU\bookru\bibl\920822
003 Постоянный идентификатор записи http://www.book.ru/book/920822
005 Дата корректировки 20161026112538.4
010 Индекс ISBN __
a ISBN 978-5-406-05571-7
100 Данные общей обработки 0_
a Данные общей обработки 20160805d2017 mk y0rusy50 ca
101 Язык документа 0_
a Язык текста Русский
102 Страна публикации __
a Страна публикации RU
105 Кодированные данные (монография) __
a Кодированные данные (монография) y ||||000yy
200 Заглавие и сведения об ответственности 1_
a Заглавие Безопасность жизнедеятельности (для бакалавров и специалистов)
210 Выходные данные __
a Место издания Москва
c Издательство КноРус
d Дата издания 2017
215 Физическое описание __
a Объем 610
330 Аннотация __
a Аннотация Содержит основные сведения об источниках и негативных воздействиях на организм человека факторов рабочей среды, методах и средствах обеспечения безопасности производственной деятельности. Изложены вопросы электробезопасности, пожаровзрывобезопасности, борьбы с терроризмом и безопасности в чрезвычайных ситуациях, а также законодательная и нормативно-правовая база, регламентирующая производственную безопасность. Соответствует ФГОС ВО 3+. Для студентов вузов, может быть полезно работникам служб, занимающихся вопросами охраны труда и окружающей среды.
606 Тематические рубрики __
a Основная рубрика Безопасность жизнедеятельности. Пожарная, промышленная безопасность
2 Код системы local
608 Указатель предметных рубрик __
a Жанр/форма Учебное пособие
2 Код системы local
675 Индекс УДК __
a Индекс УДК 614.8(075.8)
z Язык издания rus
686 Индексы других классификаций __
a Классификационный индекс 68.9я73
2 Код системы rubbk
700 Автор _1
a Фамилия Сидоров А.И., ред.
801 Источник записи _1
a Страна RU
b Организация book_ru
c Дата составления 20160805
g Правила каталогизации RCR
856 Электронный адрес документа 4_
u Универсальный указатель ресурса (URL) http://www.book.ru/book/920822
951 __
a http://www.book.ru/book/920822